000 00440nam a2200157 i 4500
001 87948
003 ES-MaACL
005 20230906175755.0
007 t|
008 041228s1933 xxc ||||1| fre d
100 1 _aLachance, Louis.
_969357
245 1 3 _aLe concept de droit selon Aristote et S. Thomas /
_cLouis Lachance.
260 _aMontréal :
_bPresse Dominicaine,
_c1933.
300 _a442 p. ;
_c23 cm.
852 _aES-MaACL
_jA-3663
999 _c87948
_d87948